00305nam a2200121Ia 4500008004100000082001500041100001900056245003800075250000800113260004600121300000800167650000800175191201s2009 xx 000 0 und d a658.3bRAE aRATHAN REDDY,B 0aEffective Human Resource Training aed2 aN.DelhibHimalaya Publication Housec2009 a539 aMBA